Loading...
| Any History | 6 | 20.00 | 100% | 83% | 17% |
| Current Events | 4 | 22.50 | 100% | 100% | 25% |
| Fine Arts - Classical Music | 11 | 15.45 | 91% | 64% | 0% |
| Fine Arts - Other Fine Arts | 7 | 18.57 | 86% | 86% | 14% |
| Geography | 7 | 20.00 | 100% | 86% | 14% |
| History - American History | 10 | 15.00 | 80% | 60% | 10% |
| History - European History | 7 | 17.14 | 100% | 43% | 29% |
| History - World History | 9 | 20.00 | 100% | 89% | 11% |
| Literature - American Literature | 13 | 20.00 | 100% | 77% | 23% |
| Literature - British Literature | 9 | 16.67 | 100% | 67% | 0% |
| Literature - European Literature | 10 | 17.00 | 100% | 60% | 10% |
| Literature - World Literature | 9 | 16.67 | 100% | 67% | 0% |
| Mythology | 4 | 15.00 | 100% | 50% | 0% |
| Other Academic | 5 | 20.00 | 100% | 100% | 0% |
| Painting & Sculpture | 10 | 17.00 | 100% | 50% | 20% |
| Philosophy | 10 | 18.00 | 90% | 90% | 0% |
| Religion | 9 | 18.89 | 100% | 44% | 44% |
| Science - Biology | 9 | 11.11 | 100% | 11% | 0% |
| Science - Chemistry | 7 | 22.86 | 100% | 100% | 29% |
| Science - Other Science | 13 | 19.23 | 100% | 69% | 23% |
| Science - Physics | 4 | 17.50 | 100% | 50% | 25% |
| Social Science | 9 | 15.56 | 100% | 56% | 0% |